1604 1677 1638 1056 1458 1446 1432 1457 1755 1341 1123 1006 1264 1196 1189 1369 1956 1272 1413 1796 1698 1300 1816 1619 1957 1856 1240 1967 1552 1928 1346 1534 1343 1896 1135 1627 1934 1964 1685 1320 1542 1722 1037 1287 1852 1330 1512 1500 1671 1611 1088 1639 1165 1772 1185 1491 1267 1510 1901 1895 1011 1951 1088 1378 1847 1565 1228 1957 1807 1243 1820 1719 1947 1392 1025 1599 1511 1560 2000 1359 1929 1782 1128 1551 1467 1926 1529 1374 1873 1322 1053 1935 1470 1164 1433 1316 1447 1518 1836 BCNSPRNW ULIB Ver.6.0+V

เปลี่ยนเป็นภาษาไทย

Change to English
 แสดงรายละเอียดบรรณานุกรม
  กลับหน้าหลัก

Brief Record : Get Marc (ISO 2709) : E-mail record : QR code < ปิดหน้าต่าง
LEADER : 00000nam 2200000uu 4500
001    13399110192
003     ULIB
008    110425s2545||||th 000 0 tha d
020    9749054938
060 04 WL108^bค231 2545
100 0  อาคม อารยาวิชานนท์
245 00 Common Problems in Neurology /^cอาคม อารยาวิชานนท์, บรรณาธิการ
250    พิมพ์ครั้งที่ 1
260    อุบลราชธานี :^bศิริธรรมอฟเซ็ท,^c2545
300    177 หน้า ;^c30 ซม.
650  7 ระบบประสาท
650  7 สมองเสื่อม
945    ^p300^l0^i017515
995    ทศพร
999 ^a ใช้งานได้ทุกระบบ
รายการนี้ยังไม่มีแท็ก
คุณยังไม่ได้ล็อกอิน คุณสามารถมีกิจกรรมร่วมกับเว็บไซต์ได้ แต่ต้องล็อกอินก่อน ::
  ล็อกอิน

รายการสื่อสารสนเทศ

ลำดับที่ ประเภท เลขเรียก/บาร์โค้ด สถานที่ สถานะ
- ไม่พบข้อมูล -

รายการใกล้เคียง
    หัวเรื่อง [ระบบประสาท]
    หัวเรื่อง [สมองเสื่อม]

BibComment


ยังไม่เคยถูกคอมเมนท์

คอมเมนท์ทรัพยากรรายการนี้
  คอมเมนท์: Common Problems i..


 Copyright 2026. Bcnsprnw @Library